000
00262nam a2200097Ia 4500
008
230907s9999||||xx |||||||||||||| ||und||
082
_a
621.384,ENE
245
0
_a
Energy management in wireless cellular and ad-hoc networks/
300
_a
viii, 450p.;
942
_c
BK
999
_c
597546
_d
597546